| 000 | 00885nam a2200205Ia 4500 | ||
|---|---|---|---|
| 008 | 0000002002 mX az 0000000000spa00 | ||
| 090 | _aPUS00 F12p | ||
| 100 | 1 |
_aFadanelli, Guillermo _d1962 |
|
| 245 | 1 | 3 |
_aLa Pierde Almas _b: Historia de una cantina Jonathan Barbieri _c/ textos Guillermo Fadanelli, Ulises Torrentera ; oleos y dibujos Jonatha Barbieri ; traducción John Dickie |
| 300 |
_a102 p. _c/ 22 cm. |
||
| 500 | _aTexto bilingue: español e inglés \ Con el patronazgo del maestro venezolano Jesús Rafael Soto (q.e.p.d.) | ||
| 600 | 0 | 0 |
_a BARBIERI, JONATHAN, 1955/ _xTRABAJOS PICTORICOS |
| 650 | 1 | 4 | _a PINTURA ESTADOUNIDENSE |
| 650 | 1 | 4 | _xCATALOGOS |
| 650 | 1 | 4 | _aDIBUJOS ESTADOUNIDENSES |
| 650 | 1 | 4 | _aPINTORES ESTADOUNIDENSES |
| 650 | 1 | 4 | _aPINTURA AL OLEO |
| 700 | 1 | _aTorrentera, Ulises \ Dickie, John, tr | |
| 999 |
_c256 _d256 |
||
| 260 |
_aMéxico : Punta Cometa _c2002 |
||